Datum a čas kvízu
27.5
Celkem bodů
Celkový počet nahraných bodů na tomto kvízu bez doplňovacích otázek.
14.
Pořadí na kvízu
Konečné umístění týmu na tomto kvízu.
Zaznamenané odpovědi
| # | Otázka | Odpověď | Body | Výsledky |
|---|---|---|---|---|
| 1. | V pátek se dostala do prodeje... | vlky | 0 | |
| 2. | V jedné evropské zemi platí od... | Itálie | 0 | |
| 3. | Drony na Havaji zachytily neob... | barví se do růžova | 0 | |
| 4. | Největší slovenské knihkupectv... | Martinus | 1 | |
| 5. | Do kterého amerického města s... | do Las Vegas | 1 | |
| 6. | Na začátek tématu a otázky si... | druhým | 1 | |
| 7. | Rozlohou třetí největší africk... | Malawi | 0 | |
| 8. | Novinář Tomáš Poláček se před... | 1C 2A 3B 4D | 0 | |
| 9. | Jak se jmenuje počtem obyvatel... | Lagos | 0 | |
| 10. | Afrika se trhá, od zbytku se o... | C | 1 |